<?xml version="1.0" encoding="UTF-8"?>
<record
    xmlns:xsi="http://www.w3.org/2001/XMLSchema-instance"
    xsi:schemaLocation="http://www.loc.gov/MARC21/slim http://www.loc.gov/standards/marcxml/schema/MARC21slim.xsd"
    xmlns="http://www.loc.gov/MARC21/slim">

  <leader>014660000a22002770004500</leader>
  <controlfield tag="003">EG-GICUC</controlfield>
  <controlfield tag="005">20250223025257.0</controlfield>
  <controlfield tag="008">080519s2006    ua d   f m    000 0 ara d</controlfield>
  <datafield tag="040" ind1=" " ind2=" ">
    <subfield code="a">EG-GICUC</subfield>
    <subfield code="b">ara</subfield>
    <subfield code="c">EG-GICUC</subfield>
  </datafield>
  <datafield tag="041" ind1="0" ind2=" ">
    <subfield code="a">ara</subfield>
  </datafield>
  <datafield tag="049" ind1=" " ind2=" ">
    <subfield code="a">&#x627;&#x647;&#x62F;&#x627;&#x621;</subfield>
  </datafield>
  <datafield tag="097" ind1=" " ind2=" ">
    <subfield code="a">&#x62F;&#x643;&#x62A;&#x648;&#x631;&#x627;&#x647;</subfield>
  </datafield>
  <datafield tag="099" ind1=" " ind2=" ">
    <subfield code="a">Cai01.05.06.Ph.D.2006.&#x627;&#x645;.&#x642;</subfield>
  </datafield>
  <datafield tag="100" ind1="0" ind2=" ">
    <subfield code="a">&#x627;&#x645;&#x627;&#x644; &#x636;&#x64A;&#x641; &#x628;&#x633;&#x64A;&#x648;&#x646;&#x649; &#x64A;&#x648;&#x633;&#x641;</subfield>
  </datafield>
  <datafield tag="245" ind1="1" ind2="2">
    <subfield code="a">&#x627;&#x644;&#x642;&#x62F;&#x631;&#x629; &#x627;&#x644;&#x62A;&#x646;&#x627;&#x641;&#x633;&#x64A;&#x629; &#x644;&#x644;&#x627;&#x642;&#x62A;&#x635;&#x627;&#x62F; &#x627;&#x644;&#x645;&#x635;&#x631;&#x649; &#x641;&#x649; &#x638;&#x644; &#x627;&#x62A;&#x641;&#x627;&#x642;&#x64A;&#x629; &#x627;&#x644;&#x62C;&#x627;&#x62A; : </subfield>
    <subfield code="b">&#x62F;&#x631;&#x627;&#x633;&#x629; &#x62A;&#x637;&#x628;&#x64A;&#x642;&#x64A;&#x629; &#x639;&#x644;&#x649; &#x627;&#x644;&#x642;&#x637;&#x627;&#x639; &#x627;&#x644;&#x635;&#x646;&#x627;&#x639;&#x649; &#x645;&#x639; &#x627;&#x644;&#x62A;&#x631;&#x643;&#x64A;&#x632; &#x639;&#x644;&#x649; &#x635;&#x646;&#x627;&#x639;&#x629; &#x627;&#x644;&#x63A;&#x632;&#x644; &#x648;&#x627;&#x644;&#x646;&#x633;&#x64A;&#x62C; / </subfield>
    <subfield code="c">&#x622;&#x645;&#x627;&#x644; &#x636;&#x64A;&#x641; &#x628;&#x633;&#x64A;&#x648;&#x646;&#x649; &#x64A;&#x648;&#x633;&#x641; &#x61B; &#x627;&#x634;&#x631;&#x627;&#x641; &#x645;&#x62D;&#x645;&#x648;&#x62F; &#x639;&#x628;&#x62F;&#x627;&#x644;&#x62D;&#x649; &#x635;&#x644;&#x627;&#x62D; : &#x641;&#x62A;&#x62D;&#x649; &#x627;&#x628;&#x648;&#x627;&#x644;&#x641;&#x636;&#x644;</subfield>
  </datafield>
  <datafield tag="246" ind1="1" ind2="5">
    <subfield code="a">The competitive ability of the Egyptian economy under the GATT agreement : </subfield>
    <subfield code="b">An applied study on the industry sector with emphasis on textiles and apparel industry</subfield>
  </datafield>
  <datafield tag="260" ind1=" " ind2=" ">
    <subfield code="a">&#x628;&#x648;&#x631;&#x633;&#x639;&#x64A;&#x62F; : </subfield>
    <subfield code="b">&#x622;&#x645;&#x627;&#x644; &#x636;&#x64A;&#x641; &#x628;&#x633;&#x64A;&#x648;&#x646;&#x649; &#x64A;&#x648;&#x633;&#x641; : </subfield>
    <subfield code="c">2006</subfield>
  </datafield>
  <datafield tag="300" ind1=" " ind2=" ">
    <subfield code="a">485 : 198&#x635; : </subfield>
    <subfield code="b">&#x631;&#x633;&#x648;&#x645; &#x628;&#x64A;&#x627;&#x646;&#x64A;&#x629; &#x61B; </subfield>
    <subfield code="c">25&#x633;&#x645;</subfield>
  </datafield>
  <datafield tag="502" ind1=" " ind2=" ">
    <subfield code="a">&#x627;&#x637;&#x631;&#x648;&#x62D;&#x629; (&#x62F;&#x643;&#x62A;&#x648;&#x631;&#x627;&#x647;) - &#x62C;&#x627;&#x645;&#x639;&#x629; &#x642;&#x646;&#x627;&#x629; &#x627;&#x644;&#x633;&#x648;&#x64A;&#x633; - &#x643;&#x644;&#x64A;&#x629; &#x627;&#x644;&#x62A;&#x62C;&#x627;&#x631;&#x629; &#x628;&#x628;&#x648;&#x631;&#x633;&#x639;&#x64A;&#x62F; - &#x642;&#x633;&#x645; &#x627;&#x644;&#x627;&#x642;&#x62A;&#x635;&#x627;&#x62F;</subfield>
  </datafield>
  <datafield tag="700" ind1="0" ind2=" ">
    <subfield code="a">&#x641;&#x62A;&#x62D;&#x649; &#x627;&#x628;&#x648;&#x627;&#x644;&#x641;&#x636;&#x644; : </subfield>
    <subfield code="e">&#x645;&#x634;&#x631;&#x641;</subfield>
  </datafield>
  <datafield tag="700" ind1="0" ind2=" ">
    <subfield code="a">&#x645;&#x62D;&#x645;&#x648;&#x62F; &#x639;&#x628;&#x62F;&#x627;&#x644;&#x62D;&#x649; &#x635;&#x644;&#x627;&#x62D; : </subfield>
    <subfield code="e">&#x645;&#x634;&#x631;&#x641;</subfield>
  </datafield>
  <datafield tag="856" ind1=" " ind2=" ">
    <subfield code="u">http://172.23.153.220/th.pdf</subfield>
  </datafield>
  <datafield tag="905" ind1=" " ind2=" ">
    <subfield code="a">Fatma</subfield>
    <subfield code="e">Cataloger</subfield>
  </datafield>
  <datafield tag="905" ind1=" " ind2=" ">
    <subfield code="a">Nazla</subfield>
    <subfield code="e">Revisor</subfield>
  </datafield>
  <datafield tag="942" ind1=" " ind2=" ">
    <subfield code="2">ddc</subfield>
    <subfield code="c">TH</subfield>
  </datafield>
  <datafield tag="999" ind1=" " ind2=" ">
    <subfield code="c">9495</subfield>
    <subfield code="d">9495</subfield>
  </datafield>
  <datafield tag="952" ind1=" " ind2=" ">
    <subfield code="2">ddc</subfield>
    <subfield code="7">0</subfield>
    <subfield code="a">CUCL</subfield>
    <subfield code="b">cl210</subfield>
    <subfield code="d">2024-02-11</subfield>
    <subfield code="o">Cai01.05.06.Ph.D.2006.&#x627;&#x645;.&#x642;</subfield>
    <subfield code="p">01010100013215000</subfield>
    <subfield code="r">2023-09-22 00:00:00</subfield>
    <subfield code="y">TH</subfield>
  </datafield>
</record>
